000
00274pab a2200121 454500
008
180718b xxu||||| |||| 00| 0 eng d
100
_a
Ghosh, D
245
_a
National Health Service
650
_a
Medianes
650
_a
Health Services
773
_a
Statesman
909
_a
21791
999
_c
21791
_d
21791